<?xml version="1.0" encoding="UTF-8"?>
<collection xmlns="http://www.loc.gov/MARC21/slim">
 <record>
  <leader>01426nam0a2200265   4500</leader>
  <controlfield tag="001">in00000002846</controlfield>
  <controlfield tag="005">20230112140526.9</controlfield>
  <datafield tag="010" ind1=" " ind2=" ">
   <subfield code="a">978-7-208-17141-1</subfield>
   <subfield code="d">CNY128.00</subfield>
  </datafield>
  <datafield tag="035" ind1=" " ind2=" ">
   <subfield code="a">01044243</subfield>
  </datafield>
  <datafield tag="100" ind1=" " ind2=" ">
   <subfield code="a">20211202d2021    em y0chiy50      ea</subfield>
  </datafield>
  <datafield tag="101" ind1="1" ind2=" ">
   <subfield code="a">chi</subfield>
   <subfield code="c">ger</subfield>
  </datafield>
  <datafield tag="102" ind1=" " ind2=" ">
   <subfield code="a">CN</subfield>
   <subfield code="b">310000</subfield>
  </datafield>
  <datafield tag="105" ind1=" " ind2=" ">
   <subfield code="a">y   z   001yy</subfield>
  </datafield>
  <datafield tag="106" ind1=" " ind2=" ">
   <subfield code="a">r</subfield>
  </datafield>
  <datafield tag="200" ind1="1" ind2=" ">
   <subfield code="a">社会理论二十讲</subfield>
   <subfield code="9">she hui li lun er shi jiang</subfield>
   <subfield code="d">Sozialtheorie Zwanzig Einfuhrende Vorlesungen</subfield>
   <subfield code="f">(德)汉斯·约阿斯(Hans Joas),(德)沃尔夫冈·克诺伯(Wolfgang Knobl)著</subfield>
   <subfield code="g">郑作彧译</subfield>
   <subfield code="z">ger</subfield>
  </datafield>
  <datafield tag="210" ind1=" " ind2=" ">
   <subfield code="a">上海</subfield>
   <subfield code="c">上海人民出版社</subfield>
   <subfield code="d">2021</subfield>
  </datafield>
  <datafield tag="215" ind1=" " ind2=" ">
   <subfield code="a">540页</subfield>
   <subfield code="d">26cm</subfield>
  </datafield>
  <datafield tag="330" ind1=" " ind2=" ">
   <subfield code="a">本书全面介绍了“二战”结束以后,德国、法国、美国、英国的社会学领域的新进展,包括帕森斯的规范论功能主义、新功利主义、冲突社会学、哈贝马斯的沟通行动理论、卢曼的功能论、吉登斯的结构化理论、结构主义与后结构主义、布迪厄的文化社会学、法国的反结构主义、女性主义社会理论、新实用主义等内容。</subfield>
  </datafield>
  <datafield tag="510" ind1="1" ind2=" ">
   <subfield code="a">Sozialtheorie Zwanzig Einfuhrende Vorlesungen</subfield>
   <subfield code="z">ger</subfield>
  </datafield>
  <datafield tag="606" ind1="0" ind2=" ">
   <subfield code="a">社会学</subfield>
  </datafield>
  <datafield tag="690" ind1=" " ind2=" ">
   <subfield code="a">C91</subfield>
   <subfield code="v">5</subfield>
  </datafield>
  <datafield tag="701" ind1=" " ind2="0">
   <subfield code="c">(德)</subfield>
   <subfield code="c">(Joas, Hans</subfield>
   <subfield code="a">约阿斯</subfield>
   <subfield code="9">yue a si</subfield>
   <subfield code="f">1948-)</subfield>
   <subfield code="4">著</subfield>
  </datafield>
  <datafield tag="701" ind1=" " ind2="0">
   <subfield code="c">(德)</subfield>
   <subfield code="c">(Knobl, Wolfgang)</subfield>
   <subfield code="a">克诺伯</subfield>
   <subfield code="9">ke nuo bo</subfield>
   <subfield code="4">著</subfield>
  </datafield>
  <datafield tag="702" ind1=" " ind2="0">
   <subfield code="a">郑作彧</subfield>
   <subfield code="9">zheng zuo yu</subfield>
   <subfield code="4">译</subfield>
  </datafield>
  <datafield tag="999" ind1="f" ind2="f">
   <subfield code="s">f5b46687-d0d8-4157-884e-748ab9ef9061</subfield>
   <subfield code="i">8d3b4aa2-ced7-4427-a36a-ab313037e296</subfield>
  </datafield>
 </record>
</collection>
